Vývoj sektora poistné korporácie a penzijné fondy v Slovenskej republike
Postavenie subsektora poistné korporácie a penzijné fondy v rámci regiónu Slovenskej republiky. Makroekonomický náhľad na predmetnú problematiku a miera stagnácie poistného sektora vo vzťahu k ekonomickému rastu.
Salvato in:
| Autore principale: | |
|---|---|
| Natura: | Capitolo di libro |
| Lingua: | slovacco |
| Soggetti: | |
| Tags: |
Nessun Tag, puoi essere il primo ad aggiungerne!!
|
MARC
| LEADER | 00000nla a2200000 4500 | ||
|---|---|---|---|
| 001 | 0191524 | ||
| 005 | 20240502073222.1 | ||
| 041 | 0 | |a slo | |
| 044 | |a SK | ||
| 245 | 1 | 0 | |a Vývoj sektora poistné korporácie a penzijné fondy v Slovenskej republike |c Daniel Bobovník |
| 520 | |a Postavenie subsektora poistné korporácie a penzijné fondy v rámci regiónu Slovenskej republiky. Makroekonomický náhľad na predmetnú problematiku a miera stagnácie poistného sektora vo vzťahu k ekonomickému rastu. | ||
| 610 | 2 | 0 | |a trh poistný |
| 610 | 2 | 0 | |a trh finančný |
| 610 | 2 | 0 | |a poisťovníctvo |
| 610 | 2 | 0 | |a poisťovne |
| 610 | 2 | 0 | |a korporácie |
| 610 | 2 | 0 | |a fondy penzijné |
| 610 | 2 | 0 | |a hodnota poistná |
| 610 | 2 | 0 | |a ochrana poistná |
| 100 | 1 | |a Bobovník, Daniel | |